000 01321nam2a22002651 4500
001 RU\NLR\INFOCOMM10\5000015791
005 20250617013524.0
035 _a(NLR Aleph) 002348134
090 _a4503908
_c4503908
100 _a20041115d1976 |||y0rusy50 ca
101 0 _arus
102 _aRU
105 _ay ||||000|y
200 1 _aОнгониты-субвулканические аналоги редкометальных литий-фтористых гранитов
_fВ.И. Коваленко, Н.И. Коваленко
_gАН СССР, Сиб. отд-ние. Ин-т геохимии, Ан МНР, Геол. ин-т
210 _d1976
_aБ. м.
461 0 _1001RU\NLR\INFOCOMM10\5000015670
_12001#$aТруды$fСовмест. Сов.-Монгол. геол. экспедиция$vВып.15
_94503674
_aСоветско-Монгольская научно-исследовательская геологическая экспедиция
_cМ.
_d1970-
_fСовмест. Сов.-Монгол. геол. экспедиция
_nНаука
_tТруды
_vВып.15
700 1 _aКоваленко
_bВ.И.
_4070
701 1 _aКоваленко
_bН.И.
_4070
801 1 _aRU
_bInfoComm
_c20041115
801 0 _aRU
_bNLR
_gPSBO
852 _aNLR
_jП8/964
942 _cISSUE
980 _aNB
980 _aRUSPER